000 00243pam a2200133 a 4500
020 _c
041 _h
100 _aP.Sudhakar
245 _aAtmosphereic Pollution
260 _c1993
300 _a10
653 _aPollution
930 _a933
999 _c246786
_d246786